|
|
|
|
| LEADER |
02262nam a2200589 a 4500 |
| 001 |
nkc20061637926 |
| 003 |
CZ PrNK |
| 005 |
20160606235012.0 |
| 007 |
ta |
| 008 |
060112s2005 xr ac f 001 0 cze |
| 015 |
|
|
|a cnb001637926
|
| 020 |
|
|
|a 80-902785-8-2
|q (Pastelka ;
|q brož.)
|
| 035 |
|
|
|a (OCoLC)70120174
|
| 040 |
|
|
|a ABA001
|b cze
|
| 041 |
0 |
|
|a cze
|b eng
|
| 043 |
|
|
|a e-xr---
|
| 072 |
|
7 |
|a 316.3
|x Globální společnosti. Sociální struktura. Sociální skupiny
|2 Konspekt
|9 18
|
| 080 |
|
|
|a 323.15
|2 MRF
|
| 080 |
|
|
|a 316.356.4
|2 MRF
|
| 080 |
|
|
|a 314.151.3-054.72
|2 MRF
|
| 080 |
|
|
|a 316.347
|2 MRF
|
| 080 |
|
|
|a 323.1
|2 MRF
|
| 080 |
|
|
|a (437.3)
|2 MRF
|
| 080 |
|
|
|a (082)
|2 MRF
|
| 100 |
1 |
|
|a Bittnerová, Dana,
|d 1966-
|7 mzk2004230807
|4 aut
|
| 245 |
1 |
0 |
|a Kdo jsem a kam patřím? :
|b identita národnostních menšin a etnických komunit na území České republiky /
|c Dana Bittnerová, Mirjam Moravcová a kol.
|
| 250 |
|
|
|a Vyd. 1.
|
| 260 |
|
|
|a Praha :
|b Sofis,
|c 2005
|
| 300 |
|
|
|a 459 s. :
|b il., portréty ;
|c 21 cm
|
| 500 |
|
|
|a Vydáno ve spolupráci s vydavatelstvím Pastelka
|
| 504 |
|
|
|a Obsahuje bibliografii, bibliografické odkazy a rejstříky
|
| 546 |
|
|
|a Anglické resumé
|
| 650 |
0 |
7 |
|a národnostní menšiny
|7 ph123424
|z Česko
|2 czenas
|
| 650 |
0 |
7 |
|a etnické skupiny
|7 ph114489
|z Česko
|2 czenas
|
| 650 |
0 |
7 |
|a imigranti
|7 ph121036
|z Česko
|2 czenas
|
| 650 |
0 |
7 |
|a etnicita
|7 ph120007
|z Česko
|2 czenas
|
| 650 |
0 |
9 |
|a national minorities
|z Czechia
|2 eczenas
|
| 650 |
0 |
9 |
|a ethnic groups
|z Czechia
|2 eczenas
|
| 650 |
0 |
9 |
|a immigrants
|z Czechia
|2 eczenas
|
| 650 |
0 |
9 |
|a ethnicity
|z Czechia
|2 eczenas
|
| 651 |
|
7 |
|a Česko
|7 ge128065
|x etnické vztahy
|2 czenas
|
| 651 |
|
9 |
|a Czechia
|x ethnic relations
|2 eczenas
|
| 655 |
|
7 |
|a kolektivní monografie
|7 fd501537
|2 czenas
|
| 655 |
|
9 |
|a collective monographs
|2 eczenas
|
| 700 |
1 |
|
|a Moravcová, Mirjam,
|d 1931-2023
|7 mzk2002143939
|4 aut
|
| 856 |
4 |
1 |
|u http://www.digitalniknihovna.cz/mzk/uuid/uuid:3475ca50-9cd5-11e5-84c7-005056827e52
|y Digitalizovaný dokument
|x NDK
|
| 910 |
2 |
|
|a BOA001
|b 2-1166.550
|
| 928 |
9 |
|
|a Pastelka
|
| 990 |
|
|
|a BK
|
| 995 |
|
|
|a 01
|
| 991 |
|
|
|b 200604
|c NOV
|
| 996 |
6 |
|
|b 2610276415
|c 2-1166.550
|l MZK
|r Sklad / do 1 hodiny
|n 9
|p kup
|w 000812417
|u 000010
|a 1
|e BOA001
|j MZK50
|s P
|